<?xml version="1.0" encoding="UTF-8"?>
<record
    xmlns:xsi="http://www.w3.org/2001/XMLSchema-instance"
    xsi:schemaLocation="http://www.loc.gov/MARC21/slim http://www.loc.gov/standards/marcxml/schema/MARC21slim.xsd"
    xmlns="http://www.loc.gov/MARC21/slim">

  <leader>     nam a22     7a 4500</leader>
  <datafield tag="999" ind1=" " ind2=" ">
    <subfield code="c">44419</subfield>
    <subfield code="d">44419</subfield>
  </datafield>
  <controlfield tag="003">OSt</controlfield>
  <controlfield tag="005">20181008091854.0</controlfield>
  <controlfield tag="008">181008b        xxu||||| |||| 00| 0 eng d</controlfield>
  <datafield tag="040" ind1=" " ind2=" ">
    <subfield code="c">IIMT COLLEGE OF POLYTECHNIC</subfield>
  </datafield>
  <datafield tag="100" ind1=" " ind2=" ">
    <subfield code="a">JAIN, ASHOK K.</subfield>
  </datafield>
  <datafield tag="245" ind1=" " ind2=" ">
    <subfield code="a">REINFORCED CONCRETE Limit State Design</subfield>
  </datafield>
  <datafield tag="260" ind1=" " ind2=" ">
    <subfield code="a">ROORKEE</subfield>
    <subfield code="b">NEM CHAND &amp; BROS., ROORKEE</subfield>
  </datafield>
  <datafield tag="300" ind1=" " ind2=" ">
    <subfield code="a">919</subfield>
  </datafield>
  <datafield tag="942" ind1=" " ind2=" ">
    <subfield code="2">ddc</subfield>
    <subfield code="c">02</subfield>
  </datafield>
  <datafield tag="952" ind1=" " ind2=" ">
    <subfield code="0">0</subfield>
    <subfield code="1">0</subfield>
    <subfield code="2">ddc</subfield>
    <subfield code="4">0</subfield>
    <subfield code="7">0</subfield>
    <subfield code="a">10</subfield>
    <subfield code="b">10</subfield>
    <subfield code="d">2018-10-08</subfield>
    <subfield code="i">IS7</subfield>
    <subfield code="l">3</subfield>
    <subfield code="p">10-B-16001</subfield>
    <subfield code="q">2026-07-31</subfield>
    <subfield code="r">2026-03-10</subfield>
    <subfield code="s">2026-03-10</subfield>
    <subfield code="w">2018-10-08</subfield>
    <subfield code="y">02</subfield>
  </datafield>
  <datafield tag="952" ind1=" " ind2=" ">
    <subfield code="0">0</subfield>
    <subfield code="1">0</subfield>
    <subfield code="2">ddc</subfield>
    <subfield code="4">0</subfield>
    <subfield code="7">0</subfield>
    <subfield code="a">10</subfield>
    <subfield code="b">10</subfield>
    <subfield code="d">2018-10-08</subfield>
    <subfield code="i">IS7</subfield>
    <subfield code="l">3</subfield>
    <subfield code="p">10-B-16002</subfield>
    <subfield code="r">2024-08-07</subfield>
    <subfield code="s">2024-04-04</subfield>
    <subfield code="w">2018-10-08</subfield>
    <subfield code="y">02</subfield>
  </datafield>
  <datafield tag="952" ind1=" " ind2=" ">
    <subfield code="0">0</subfield>
    <subfield code="1">0</subfield>
    <subfield code="2">ddc</subfield>
    <subfield code="4">0</subfield>
    <subfield code="7">0</subfield>
    <subfield code="a">10</subfield>
    <subfield code="b">10</subfield>
    <subfield code="d">2018-10-08</subfield>
    <subfield code="i">IS7</subfield>
    <subfield code="l">3</subfield>
    <subfield code="p">10-B-16003</subfield>
    <subfield code="r">2025-02-13</subfield>
    <subfield code="s">2024-04-04</subfield>
    <subfield code="w">2018-10-08</subfield>
    <subfield code="y">02</subfield>
  </datafield>
  <datafield tag="952" ind1=" " ind2=" ">
    <subfield code="0">0</subfield>
    <subfield code="1">0</subfield>
    <subfield code="2">ddc</subfield>
    <subfield code="4">0</subfield>
    <subfield code="7">0</subfield>
    <subfield code="a">10</subfield>
    <subfield code="b">10</subfield>
    <subfield code="d">2018-10-08</subfield>
    <subfield code="i">IS7</subfield>
    <subfield code="l">0</subfield>
    <subfield code="p">10-B-16004</subfield>
    <subfield code="r">2018-10-08</subfield>
    <subfield code="w">2018-10-08</subfield>
    <subfield code="y">02</subfield>
  </datafield>
  <datafield tag="952" ind1=" " ind2=" ">
    <subfield code="0">0</subfield>
    <subfield code="1">0</subfield>
    <subfield code="2">ddc</subfield>
    <subfield code="4">0</subfield>
    <subfield code="7">0</subfield>
    <subfield code="a">10</subfield>
    <subfield code="b">10</subfield>
    <subfield code="d">2018-10-08</subfield>
    <subfield code="i">IS7</subfield>
    <subfield code="l">1</subfield>
    <subfield code="p">10-B-16005</subfield>
    <subfield code="r">2023-07-25</subfield>
    <subfield code="s">2023-03-23</subfield>
    <subfield code="w">2018-10-08</subfield>
    <subfield code="y">02</subfield>
  </datafield>
  <datafield tag="952" ind1=" " ind2=" ">
    <subfield code="0">0</subfield>
    <subfield code="1">0</subfield>
    <subfield code="2">ddc</subfield>
    <subfield code="4">0</subfield>
    <subfield code="7">0</subfield>
    <subfield code="a">10</subfield>
    <subfield code="b">10</subfield>
    <subfield code="d">2018-10-08</subfield>
    <subfield code="i">IS7</subfield>
    <subfield code="l">0</subfield>
    <subfield code="p">10-B-16006</subfield>
    <subfield code="r">2018-10-08</subfield>
    <subfield code="w">2018-10-08</subfield>
    <subfield code="y">02</subfield>
  </datafield>
  <datafield tag="952" ind1=" " ind2=" ">
    <subfield code="0">0</subfield>
    <subfield code="1">0</subfield>
    <subfield code="2">ddc</subfield>
    <subfield code="4">0</subfield>
    <subfield code="7">0</subfield>
    <subfield code="a">10</subfield>
    <subfield code="b">10</subfield>
    <subfield code="d">2018-10-08</subfield>
    <subfield code="i">IS7</subfield>
    <subfield code="l">2</subfield>
    <subfield code="p">10-B-16007</subfield>
    <subfield code="r">2020-09-09</subfield>
    <subfield code="s">2020-02-24</subfield>
    <subfield code="w">2018-10-08</subfield>
    <subfield code="y">02</subfield>
  </datafield>
  <datafield tag="952" ind1=" " ind2=" ">
    <subfield code="0">0</subfield>
    <subfield code="1">0</subfield>
    <subfield code="2">ddc</subfield>
    <subfield code="4">0</subfield>
    <subfield code="7">0</subfield>
    <subfield code="a">10</subfield>
    <subfield code="b">10</subfield>
    <subfield code="d">2018-10-08</subfield>
    <subfield code="i">IS7</subfield>
    <subfield code="l">4</subfield>
    <subfield code="p">10-B-16008</subfield>
    <subfield code="r">2025-09-03</subfield>
    <subfield code="s">2025-04-17</subfield>
    <subfield code="w">2018-10-08</subfield>
    <subfield code="y">02</subfield>
  </datafield>
  <datafield tag="952" ind1=" " ind2=" ">
    <subfield code="0">0</subfield>
    <subfield code="1">0</subfield>
    <subfield code="2">ddc</subfield>
    <subfield code="4">0</subfield>
    <subfield code="7">0</subfield>
    <subfield code="a">10</subfield>
    <subfield code="b">10</subfield>
    <subfield code="d">2018-10-08</subfield>
    <subfield code="i">IS7</subfield>
    <subfield code="l">5</subfield>
    <subfield code="p">10-B-16009</subfield>
    <subfield code="r">2024-08-08</subfield>
    <subfield code="s">2024-02-21</subfield>
    <subfield code="w">2018-10-08</subfield>
    <subfield code="y">02</subfield>
  </datafield>
</record>
